| 000 | 02315cam a22005414i 4500 | ||
|---|---|---|---|
| 003 | PE-LiUPU | ||
| 005 | 20250731172937.0 | ||
| 008 | 150623s1996 miu rb 000 0 eng d | ||
| 020 | _a0802842283 | ||
| 035 | _a(Sirsi) i9780802842282 | ||
| 040 |
_aPE-LiUPU _bspa _cPE-LiUPU _erda |
||
| 049 | _aPRUA | ||
| 082 | 0 | 4 |
_a241.66 _bS73 _221 |
| 245 | 0 | 0 |
_aChristian perspectives on sexuality and gender / _ceditado por Elizabeth Stuart y Thatcher Adrian. |
| 264 | 1 |
_aMichigan : _bWilliam B. Eerdmans Publishing Company, _c1996. |
|
| 300 |
_a478 páginas ; _c24 centímetros. |
||
| 336 |
_atext _2rdacontent |
||
| 337 |
_aunmediated _2rdamedia |
||
| 338 |
_avolume _2rdacarrier |
||
| 490 | 1 | _aChristian perspectives | |
| 504 | _aBibliografía al final de cada capítulo. | ||
| 505 | 0 | _aSexuality and christian tradition -- Sexuality and gender -- Power and relation -- Sexuality and marriage -- Sexuality and Spirituality -- Sexuality and love -- Lesbian and gay sexuality -- Sexuality and the body -- Sexuality and violence -- Sexuality and singleness -- Index of names -- Index of subjects. | |
| 526 | _aSEG42 | ||
| 526 | _aSEG41 | ||
| 526 | _aSEG40 | ||
| 526 | _aSEG39 | ||
| 526 | _aP94 | ||
| 526 | _aP87 | ||
| 526 | _aP86 | ||
| 526 | _aP85 | ||
| 526 | _aP77 | ||
| 526 | _aP76 | ||
| 526 | _aP35 | ||
| 650 | 0 | 4 |
_aRol sexual _xCristianismo. |
| 650 | 0 | 4 |
_aSexo _xCristianismo _xHistoria de las doctrinas. |
| 650 | 0 | 4 |
_aSexo _xCristianismo. |
| 700 | 1 |
_aStuart, Elizabeth, _eeditor. |
|
| 700 | 1 |
_aThatcher, Adrian, _eeditor. |
|
| 942 |
_2ddc _cBOOK |
||
| 949 |
_a241.66 S73 _wDEWEY _c1 _i44430 _lCCODEBUL1 _mBUL _r0 _sY _tBOOK _u2015-6-24 _xTEOLOGIA _PP35 _0COMPRA _o.STAFF. Colección Teología |
||
| 949 |
_a241.66 S73 _wDEWEY _c2 _i44429 _lCCODEBUL1 _mBUL _r0 _sY _tBOOK _u2015-6-24 _xTEOLOGIA _PP35 _0COMPRA _o.STAFF. Colección Teología |
||
| 994 |
_aC0 _bPEPRU |
||
| 596 | _a1 | ||
| 999 |
_a241.66 S73 _wDEWEY _c21306 _i44430 _f2021-11-10 _g5 _lCCODEBUL1 _mBUL _p25.00 _r0 _sY _tBOOK _u2015-6-24 _xTEOLOGIA _PP35 _0COMPRA _o.STAFF. Colección Teología _d21306 |
||
| 999 |
_a241.66 S73 _wDEWEY _c2 _i44429 _f2021-11-10 _g5 _lCCODEBUL1 _mBUL _p20.00 _r0 _sY _tBOOK _u2015-6-24 _xTEOLOGIA _PP35 _0COMPRA _o.STAFF. Colección Teología |
||
| 980 |
_81 _gALBERTO SANCHEZ Responsable de Automatización |
||